<?xml version="1.0" encoding="UTF-8"?>
<record
    xmlns:xsi="http://www.w3.org/2001/XMLSchema-instance"
    xsi:schemaLocation="http://www.loc.gov/MARC21/slim http://www.loc.gov/standards/marcxml/schema/MARC21slim.xsd"
    xmlns="http://www.loc.gov/MARC21/slim">

  <leader>01860nam0a2200349   4500</leader>
  <controlfield tag="001">RU\NLR\bibl\1664907</controlfield>
  <controlfield tag="005">20260405172121.0</controlfield>
  <datafield tag="010" ind1=" " ind2=" ">
    <subfield code="a">978-5-9693-0124-5</subfield>
  </datafield>
  <datafield tag="021" ind1=" " ind2=" ">
    <subfield code="a">RU</subfield>
    <subfield code="b">2010-51919</subfield>
    <subfield code="9">3421</subfield>
  </datafield>
  <datafield tag="035" ind1=" " ind2=" ">
    <subfield code="a">(NLR Aleph) 001656183</subfield>
  </datafield>
  <datafield tag="090" ind1=" " ind2=" ">
    <subfield code="a">952695</subfield>
    <subfield code="c">952695</subfield>
  </datafield>
  <datafield tag="100" ind1=" " ind2=" ">
    <subfield code="a">20100817d2010    |||y0rusy50      ca</subfield>
  </datafield>
  <datafield tag="101" ind1="1" ind2=" ">
    <subfield code="a">rus</subfield>
    <subfield code="c">eng</subfield>
  </datafield>
  <datafield tag="102" ind1=" " ind2=" ">
    <subfield code="a">RU</subfield>
  </datafield>
  <datafield tag="105" ind1=" " ind2=" ">
    <subfield code="a">a   |||||||||</subfield>
  </datafield>
  <datafield tag="200" ind1="1" ind2=" ">
    <subfield code="a">&#x41B;&#x43E;&#x433;&#x438;&#x441;&#x442;&#x438;&#x43A;&#x430;</subfield>
    <subfield code="e">&#x438;&#x43D;&#x442;&#x435;&#x433;&#x440;&#x438;&#x440;&#x43E;&#x432;&#x430;&#x43D;&#x43D;&#x430;&#x44F; &#x446;&#x435;&#x43F;&#x44C; &#x43F;&#x43E;&#x441;&#x442;&#x430;&#x432;&#x43E;&#x43A;</subfield>
    <subfield code="f">&#x414;&#x43E;&#x43D;&#x430;&#x43B;&#x434; &#x414;&#x436;. &#x411;&#x430;&#x443;&#x44D;&#x440;&#x441;&#x43E;&#x43A;&#x441;, &#x414;&#x435;&#x439;&#x432;&#x438;&#x434; &#x414;&#x436;. &#x41A;&#x43B;&#x43E;&#x441;&#x441;</subfield>
    <subfield code="g">[&#x43F;&#x435;&#x440;. &#x441; &#x430;&#x43D;&#x433;&#x43B;. &#x41D;.&#x41D;. &#x411;&#x430;&#x440;&#x44B;&#x448;&#x43D;&#x438;&#x43A;&#x43E;&#x432;&#x43E;&#x439;, &#x411;.&#x421;. &#x41F;&#x438;&#x43D;&#x441;&#x43A;&#x435;&#x440;&#x430;]</subfield>
  </datafield>
  <datafield tag="205" ind1=" " ind2=" ">
    <subfield code="a">2-&#x435; &#x438;&#x437;&#x434;.</subfield>
  </datafield>
  <datafield tag="210" ind1=" " ind2=" ">
    <subfield code="a">&#x41C;&#x43E;&#x441;&#x43A;&#x432;&#x430;</subfield>
    <subfield code="c">&#x41E;&#x43B;&#x438;&#x43C;&#x43F;-&#x411;&#x438;&#x437;&#x43D;&#x435;&#x441;</subfield>
    <subfield code="c">&#x438;&#x437;&#x434;&#x430;&#x442;&#x435;&#x43B;&#x44C; &#x412;.&#x42E;. &#x421;&#x442;&#x430;&#x431;&#x43D;&#x438;&#x43A;&#x43E;&#x432;</subfield>
    <subfield code="d">2010</subfield>
  </datafield>
  <datafield tag="215" ind1=" " ind2=" ">
    <subfield code="a">635 &#x441;.</subfield>
    <subfield code="c">&#x438;&#x43B;.</subfield>
    <subfield code="d">26</subfield>
  </datafield>
  <datafield tag="300" ind1=" " ind2=" ">
    <subfield code="a">&#x417;&#x430;&#x433;&#x43B;. &#x438; &#x430;&#x432;&#x442;. &#x43E;&#x440;&#x438;&#x433;.: Logistical management/ Donald J. Bowersox, David J. Closs</subfield>
  </datafield>
  <datafield tag="300" ind1=" " ind2=" ">
    <subfield code="a">&#x41D;&#x430; &#x441;. 5 &#x430;&#x432;&#x442;.: &#x414;&#x43E;&#x43D;&#x430;&#x43B;&#x434; &#x414;&#x436;. &#x411;&#x430;&#x443;&#x44D;&#x440;&#x441;&#x43E;&#x43A;&#x441;, &#x414;&#x435;&#x439;&#x432;&#x438;&#x434; &#x414;&#x436;. &#x41A;&#x43B;&#x43E;&#x441;&#x441; - &#x43F;&#x440;&#x43E;&#x444;&#x435;&#x441;&#x441;&#x43E;&#x440;&#x430; &#x41C;&#x438;&#x447;&#x438;&#x433;&#x430;&#x43D;. &#x433;&#x43E;&#x441;. &#x443;&#x43D;-&#x442;&#x430;, &#x434;-&#x440;&#x430; &#x43D;&#x430;&#x443;&#x43A; &#x43F;&#x43E; &#x43C;&#x430;&#x440;&#x43A;&#x435;&#x442;&#x438;&#x43D;&#x433;&#x443;</subfield>
  </datafield>
  <datafield tag="320" ind1=" " ind2=" ">
    <subfield code="a">&#x411;&#x438;&#x431;&#x43B;&#x438;&#x43E;&#x433;&#x440;.: &#x441;. 633-635 (125 &#x43D;&#x430;&#x437;&#x432;.)</subfield>
  </datafield>
  <datafield tag="454" ind1=" " ind2="0">
    <subfield code="1">2001#$aLogistical management$fDonald J. Bowersox, David J. Closs</subfield>
    <subfield code="1">700#1$3RU\NLR\auth\7773651$7ba$aBowersox$bD. J.$gDonald John$4070</subfield>
    <subfield code="1">701#1$3RU\NLR\auth\7773661$7ba$aCloss$bD. J.$gDavid J.$4070</subfield>
    <subfield code="t">Logistical management</subfield>
    <subfield code="a">Bowersox, Donald John</subfield>
  </datafield>
  <datafield tag="606" ind1="1" ind2=" ">
    <subfield code="a">&#x41B;&#x43E;&#x433;&#x438;&#x441;&#x442;&#x438;&#x43A;&#x430; &#x432; &#x44D;&#x43A;&#x43E;&#x43D;&#x43E;&#x43C;&#x438;&#x43A;&#x435;</subfield>
    <subfield code="9">2168149</subfield>
    <subfield code="3">RU\NLR\auth\661304395</subfield>
  </datafield>
  <datafield tag="686" ind1=" " ind2=" ">
    <subfield code="a">&#x423;40(0)&#x432;611</subfield>
  </datafield>
  <datafield tag="700" ind1=" " ind2="1">
    <subfield code="4">070</subfield>
    <subfield code="8">rus</subfield>
    <subfield code="7">ca</subfield>
    <subfield code="a">&#x411;&#x430;&#x443;&#x44D;&#x440;&#x441;&#x43E;&#x43A;&#x441;</subfield>
    <subfield code="b">&#x414;. &#x414;.</subfield>
    <subfield code="g">&#x414;&#x43E;&#x43D;&#x430;&#x43B;&#x434; &#x414;&#x436;.</subfield>
    <subfield code="3">RU\NLR\auth\7773647</subfield>
    <subfield code="9">56575</subfield>
  </datafield>
  <datafield tag="701" ind1=" " ind2="1">
    <subfield code="4">070</subfield>
    <subfield code="8">rus</subfield>
    <subfield code="7">ca</subfield>
    <subfield code="a">&#x41A;&#x43B;&#x43E;&#x441;&#x441;</subfield>
    <subfield code="b">&#x414;. &#x414;.</subfield>
    <subfield code="g">&#x414;&#x435;&#x439;&#x432;&#x438;&#x434; &#x414;&#x436;.</subfield>
    <subfield code="3">RU\NLR\auth\7773660</subfield>
    <subfield code="9">56588</subfield>
  </datafield>
  <datafield tag="801" ind1=" " ind2="0">
    <subfield code="a">RU</subfield>
    <subfield code="b">NLR</subfield>
    <subfield code="c">20100817</subfield>
    <subfield code="g">RCR</subfield>
  </datafield>
  <datafield tag="801" ind1=" " ind2="1">
    <subfield code="a">RU</subfield>
    <subfield code="b">NLR</subfield>
    <subfield code="c">20100817</subfield>
  </datafield>
  <datafield tag="942" ind1=" " ind2=" ">
    <subfield code="c">BOOK</subfield>
  </datafield>
  <datafield tag="980" ind1=" " ind2=" ">
    <subfield code="a">NB</subfield>
  </datafield>
  <datafield tag="995" ind1=" " ind2=" ">
    <subfield code="5">2010-08-17</subfield>
    <subfield code="a">ad</subfield>
    <subfield code="b">NLR01</subfield>
    <subfield code="c">NLR01</subfield>
    <subfield code="e">RF8</subfield>
    <subfield code="f">1-368867</subfield>
    <subfield code="k">2010-7/4257</subfield>
    <subfield code="o">0</subfield>
    <subfield code="r">BOOK</subfield>
    <subfield code="s">201074257_</subfield>
  </datafield>
  <datafield tag="995" ind1=" " ind2=" ">
    <subfield code="5">2010-08-17</subfield>
    <subfield code="a">ad</subfield>
    <subfield code="b">NLR01</subfield>
    <subfield code="c">NLR01</subfield>
    <subfield code="e">OZ1</subfield>
    <subfield code="f">1-353676</subfield>
    <subfield code="k">&#x421;1 &#x423;40/&#x411;-298</subfield>
    <subfield code="o">0</subfield>
    <subfield code="p">0.00</subfield>
    <subfield code="r">BOOK</subfield>
    <subfield code="s">1_40298</subfield>
  </datafield>
</record>
